| 000 | 00583nam a22001817a 4500 | ||
|---|---|---|---|
| 005 | 20251108165332.0 | ||
| 008 | 250721s1991 xx 000 0 ara d | ||
| 082 | 1 | 4 | _a636.5/محم |
| 100 | 1 | _aالحسيني، محمد أحمد | |
| 245 | 1 | 0 |
_aتربية الطيور المائية : _bالبط و الأوز / |
| 264 | 1 |
_aالقاهرة : _bمكتبة إبن سينا للنشر و التوزيع، _c1991. |
|
| 300 | _a143ص | ||
| 650 | 1 | 7 | _aتربية الطيور و الدواجن |
| 650 | 1 | 7 | _aالبط |
| 650 | 1 | 7 | _aالوزيات |
| 942 |
_2ddc _cBK |
||
| 999 |
_c25389 _d25389 |
||